| 000 | 00000nam##2200000za#4500 |
| 001 | 9.568195 |
| 003 | CaOODSP |
| 005 | 20240215150447 |
| 007 | cr ||||||||||| |
| 008 | 150406|1990||||xxc|||||o f|0| 0 eng|d |
| 040 | |aCaOODSP|beng |
| 043 | |an-cn--- |
| 086 | 1 |aPS83-3/18E-PDF |
| 110 | 2 |aCorrectional Service Canada. |
| 245 | 10|aResearch on staff commitment : |h[electronic resource]|ba discussion paper / |cprepared by David Robinson, Linda Simourd and Frank Porporino. |
| 260 | |bCorrectional Service Canada |cJune 1990. |
| 300 | |a15p.|breferences |
| 490 | 1 |aResearch report|vR-18 |
| 590 | |a10-09-Supp|b2010-11-02 |
| 720 | 1 |aRobinson, David |
| 720 | 1 |aPorporino, Frank J. |
| 720 | 1 |aSimourd, Linda |
| 775 | 08|tRecherche sur la qualité de l'engagement du personnel : |w(CaOODSP)9.599486 |
| 830 | #0|aResearch report (Correctional Service Canada. Research Branch)|vR-18|w(CaOODSP)9.506063 |
| 856 | 40|ahttp://publications.gc.ca|qPDF|s94 KB|uhttps://publications.gc.ca/collections/collection_2010/scc-csc/PS83-3-18-eng.pdf|yR-18 |